| 000 | 00735nam a2200205 a 4500 | ||
|---|---|---|---|
| 001 | 000042610 | ||
| 005 | 20201002040254.0 | ||
| 008 | 140131s1997 sp ac 000 0 spa d | ||
| 020 | _a8437615984 | ||
| 040 |
_aDO-SdBNP _bspa _cBNPHU |
||
| 082 |
_axxx _bxxx |
||
| 100 | 1 |
_aParanaguá, Paulo Antonio, _d1948- _969858 |
|
| 245 | 1 | 0 |
_aArturo Ripstein / _cPaulo Antonio Paranaguá. |
| 260 |
_aMadrid : _bCátedra _bFilmoteca Española, _c1997. |
||
| 300 |
_a348 p. : _bil., retrs. ; _c18 cm. |
||
| 490 | 1 |
_aSigno e imagen _acineastas latinoamericanos _n8 |
|
| 500 | _aIncluye referencias bibliográficas y notas al pie de las páginas | ||
| 504 | _aBibliografía : p. 315-342 | ||
| 830 | 0 |
_aSigno e imagen _pcineastas latinoamericanos _v8 _969859 |
|
| 999 |
_c42099 _d42099 |
||